02013nam a2200289Ia 4500001000400000003000400004005001700008008004100025020001800066040000800084041001300092082001600105100002600121240005000147245010300197260003300300300001100333520122000344650002401564650001301588650001501601650001001616655001201626655001601638700002801654830004101682378OSt20250528074019.0210216b ||||| |||| 00| 1 por d a9788532524577 bpor aporhita1 a853 bT76g 1 aTroisi, Licia,d1980- aLe Guerre del mondo emerso / Le due guerriere aAs Guerras do Mundo Emerso:bAs Duas Guerreiras / cTroisi, Licia ; Tradução de Mario Fondeli aRio de Janeiro bRoccoc2009 a399 p. aDubhe precisa livrar-se do selo da maldição que lhe fora impresso pela Guilda, seita de assassinos da qual fugira. E a sua melhor chance de se livrar deste selo é encontrar um mago capaz de quebrá-lo. Para isso, se alia a Lonerin, o jovem mago que a ajudou na fuga. Os jovens partem para as Terras Desconhecidas para encontrar o lendário mago Senar – o único capaz de quebrar o selo de Dubhe e também a grande esperança dos habitantes dos territórios livres de ganhar a guerra –, sem saber que estão sendo perseguidos por Rekla, antiga monitora de Dubhe na Guilda, e outros dois assassinos. No caminho até o mago, sentimentos inesperados vêm à tona e o dois têm que lidar com revelações surpreendentes sobre os respectivos passados e confrontar os implacáveis assassinos enviados por Yeshol, sacerdote da Guilda, em um terreno perigoso, onde a magia não funciona da maneira que eles conhecem. Ao mesmo tempo, no Mundo Emerso, o gnomo Ido, supremo general, sai em busca de Tarik, o filho de Senar que, após um rixa com o pai, partiu das Terras Desconhecidas e está sendo procurado por Dohor e Yeshol para ser sacrificado no ritual que trará o Tirano de volta à vida. 0aLiteratura italiana 0aSuspense 0aGuerreiras 0aMagia 0aRomance 0aFicção  aMario FondelieTRADUTOR aAs guerras do mundo emersovLivro 02